01904nam a2200493 i 450000100060000000300080000600500170001400600190003100700150005000800410006502000180010602000270012403500230015103500240017403500250019803500220022304000310024505000210027608000210029708200190031810000190033724501490035626400870050530000410059233600310063333700330066433800430069750000230074050400290076358801270079259001640091965000540108365000120113765000160114965000120116565100370117765100370121465100200125165100140127165500270128579700190131285600620133199900170139398843FlNmELB20241217172805.0m o d | cr cnu||||||||141101s2012 sp ob 001 0 spa d z9788400096205 a9788400096212 (e book) a(MiAaPQ)EBC3210916 a(Au-PeEL)EBL3210916 a(CaPaEBR)ebr10680541 a(OCoLC)1105404503 aFINmELBbspaerdacFINmELB 4aHM263bG562 2012 a32.019.5(73)"19"0 a302.2309732231 aGlondys, Olga.13aLa guerra fría cultural y el exilio republicano español :bcuadernos del congreso por la libertad de la cultura (1953-1965) /cOlga Glondys. 1aMadrid :bEditorial CSIC Consejo Superior de Investigaciones Científicas,c2012. a1 recurso en línea (369 páginas) atextobtxt2rdacontent/spa acomputadorabc2rdamedia/spa arecurso en líneabcr2rdacarrier/spa aContiene índice. aContiene bibliografía. aDescripción basada en recurso en línea; Título de la página del título en PDF (e-libro, visto november 1, 2014). aRecurso electrónico. Santa Fe, Arg.: e-libro, 2015. Disponible vía World Wide Web. El acceso puede estar limitado para las bibliotecas afiliadas a e-libro. 0aPropagandazUnited StatesxHistoryy20th century. 0aExiles. 4aPropaganda. 4aExilio. 0aUnited StatesxRelationszSpain. 0aSpainxRelationszUnited States. 4aEstados Unidos. 4aEspaña. 4aLibros electrónicos.2 ae-libro, Corp.40uhttps://elibro.net/ereader/politecnicointernacional/41705 c98843d98843